00861nam a2200241Ia 450000500170000000800410001702000190005810000330007724500820011025000390019230000510023149000220028265000410030465000420034565000370038770000280042426400330045233600270048533700330051233800280054504000350057308400110060820220317001138.0160825s2007 ck a g 000 0 spa  a978958301160121 aAristizábal de Baena, Nora13aLa fiesta del marcNora Aristizábal de Baena ; ilustraciones Olga Cuéllar a1a. edición b2a. reimpresión  a31 páginas bilustraciones en color c23 cm  aSueños de papel142LEMBaCuentos infantiles colombianos142LEMBaLiteratura infantil colombiana 142LEMBaAnimales en la literatura 1 aCuéllar Serrano, Olga aBogotábPanamericanac2007 atextobtxt2rdacontent asin mediaciónbn2rdamedia avolumenbnc2rdacarrier aCO-BoRNBPbspaerdacCO-BoRNBP aC ARI3